00466nam a2200145 a 450000500170000000800410001702000180005805000270007610000200010324500890012326000640021230000170027650000140029365000130030720140412111300.0010330s19uu xx 00 eng d a0-590-10386-5 aTR(GS 793.73bS62 1997 aSpan, Mary Beth a25 easy thematic crosswords for building literacy, grades K-2 /cby Mary Beth Spann. aJefferson City, MO :bScholastic Professional Books,c1997. a47 p. ; ill. aPreschool aThematic